[Event "Mar de Ajo op 5th"]
[Site "Mar de Ajo"]
[Date "2023.11.10"]
[Round "1"]
[White "Rojas, Lautaro"]
[Black "Hobaica, Juan Pablo"]
[Result "0-1"]
[WhiteElo "1774"]
[BlackElo "2402"]
[PlyCount "62"]
[EventDate "2023.11.10"]
[EventType "swiss"]
[EventRounds "6"]
[EventCountry "ARG"]
[SourceTitle "CB46_2023"]
[SourceDate "2023.11.15"]
[SourceVersion "1"]
[SourceVersionDate "2023.11.15"]
[SourceQuality "1"]

1. e4 g6 2. f4 Bg7 3. Nf3 d5 4. e5 c5 5. c3 Nc6 6. d4 cxd4 7. cxd4 Bg4 8. Nc3 Nh6 9. Bd3 Nxd4 10. Qa4+ Nc6 11. Nd4 Bd7 12. Bb5 Nxd4 13. Bxd7+ Qxd7 14. Qxd4 e6 15. 0-0 Nf5 16. Qb4 Bf8 17. Qb3 Bc5+ 18. Kh1 h5 19. Ne2 h4 20. Bd2 Kf8 21. Bb4 b6 22. Rac1 Rc8 23. Qa3 Qe7 24. Qa6 Kg7 25. Bd2 Qd7 26. Qd3 b5 27. Bc3 d4 28. Bd2 Qd5 29. Qf3 d3 30. Qxd5 dxe2 31. Qf3 Ng3+ 0-1